Nudge (Record no. 75785)

MARC details
000 -LEADER
fixed length control field 00375nam a2200157 4500
020 ## - INTERNATIONAL STANDARD BOOK NUMBER
ISBN 9780141999937
100 ## - MAIN ENTRY--AUTHOR NAME
Personal name THALER,Richard H
245 ## - TITLE STATEMENT
Title Nudge
250 ## - EDITION STATEMENT
Edition statement final edition
260 ## - PUBLICATION, DISTRIBUTION, ETC. (IMPRINT)
Place of publication UK
Name of publisher Penguin random house
Year of publication 2021
300 ## - PHYSICAL DESCRIPTION
Number of Pages 366
650 ## - SUBJECT ADDED ENTRY--TOPICAL TERM
Topical Term Econs
-- Choice architect
-- Organ donations
700 ## - ADDED ENTRY--PERSONAL NAME
Personal name SUNSTEIN, Cass R
942 ## - ADDED ENTRY ELEMENTS (KOHA)
Koha item type Books
Holdings
Withdrawn status Lost status Damaged status Not for loan Home library Current library Date acquired Source of acquisition Full call number Accession Number Koha item type
        RRII Library RRII Library 04/11/2025 M/s TV enterprises, Mumbai invoice no: 423/25-26 dtd 15/10/25 for Rs. 12931.65/- 330:159.9 THA 23641 Books